000
00233nam a22000977a 4500
020
_a
0314872647
050
_a
QA 154.2 .S74 1988
100
_a
Ralph C Steinlage
245
_a
Solutio manual to accompany Trigonometry
942
_2
lcc
_c
GEN
999
_c
15051
_d
15051